| 000 | 00675nam a22001697a 4500 | ||
|---|---|---|---|
| 999 |
_c62000 _d62000 |
||
| 003 | Ge_BSU | ||
| 005 | 20240620110730.0 | ||
| 008 | 240620s1961 ge ||||| |||| 00| 0 geo d | ||
| 041 | _ageo | ||
| 080 | _a537.531.08 ვ-43 | ||
| 100 |
_aვეფხვაძე, რევაზ _922511 |
||
| 245 |
_aპრაქტიკული დოზიმეტრია / _c რევაზ ვეფხვაძე. |
||
| 264 |
_aთბ. : _bსაბჭ. საქართველო, _c1961. |
||
| 300 |
_a228 გვ. : _b1 ფ. ცხრილ. _c21 სმ. |
||
| 700 |
_aშარაშენიძე, ქ. _eრედაქტორი _922512 |
||
| 942 |
_2udc _cᲬᲘᲒᲜᲘ |
||